00577nam a2200229Ia 4500008004100000020001800041050001400059100001900073245001900092245004100111245002200152260001900174260001600193260000900209300001500218300002600233300001000259500000900269650002700278650003100305700001100336181129s9999 xx 000 0 und d a9780545328067 bP563 2012 aPhillips, Shea 0aFlesh wound! : 2ba minor injury takes a deadly turn / 0cby Shea Phillips. aNew York, NY : bScholastic, c2012 a48 pages : bcolor illustrations ; c17cm. a700L aNecrotizing fasciitis. aStaphylococcal infections. aTitle.